01173nam a2200229Ia 4500100002300000650001400023250000600037942000700043366000700050654001600057245002200073260003600095082002000131300000800151546001200159999001700171952015100188952015100339952015100490952015100641952015100792 aStallings/William  aoperating a5 cBK f20 aprogramming aOperating Systems bPearson EducationaMumbaic2005 a005.43/STAbSTA a818 aENGLISH c34416d34416 001040708CRCaCRCEbCRCEc1617 | 95d2023-03-17eProfessional Book House.g279.00l0o005.43/STA STAp17214r2023-03-17v299.00w0000-00-00yBK 001040708CRCaCRCEbCRCEc1617 | 95d2023-03-17eProfessional Book House.g279.00l0o005.43/STA STAp17215r2023-03-17v299.00w0000-00-00yBK 001040708CRCaCRCEbCRCEc1617 | 95d2023-03-17eProfessional Book House.g279.00l0o005.43/STA STAp17216r2023-03-17v299.00w0000-00-00yBK 001040708CRCaCRCEbCRCEc1617 | 95d2023-03-17eProfessional Book House.g279.00l0o005.43/STA STAp17217r2023-03-17v299.00w0000-00-00yBK 001040708CRCaCRCEbCRCEc1617 | 95d2023-03-17eProfessional Book House.g279.00l0o005.43/STA STAp17218r2023-03-17v299.00w0000-00-00yBK